<?xml version="1.0" encoding="UTF-8"?>
<record
    xmlns:xsi="http://www.w3.org/2001/XMLSchema-instance"
    xsi:schemaLocation="http://www.loc.gov/MARC21/slim http://www.loc.gov/standards/marcxml/schema/MARC21slim.xsd"
    xmlns="http://www.loc.gov/MARC21/slim">

  <leader>01460nam0a22002771  4500</leader>
  <controlfield tag="001">rc\158712</controlfield>
  <controlfield tag="005">20260406071843.0</controlfield>
  <datafield tag="035" ind1=" " ind2=" ">
    <subfield code="a">(NLR Aleph) 005424791</subfield>
  </datafield>
  <datafield tag="090" ind1=" " ind2=" ">
    <subfield code="a">7514209</subfield>
    <subfield code="c">7514209</subfield>
  </datafield>
  <datafield tag="100" ind1=" " ind2=" ">
    <subfield code="a">20030307d1992    |||y0rusy50      ca</subfield>
  </datafield>
  <datafield tag="101" ind1="0" ind2=" ">
    <subfield code="a">rus</subfield>
  </datafield>
  <datafield tag="102" ind1=" " ind2=" ">
    <subfield code="a">RU</subfield>
  </datafield>
  <datafield tag="105" ind1=" " ind2=" ">
    <subfield code="a">a   |||||||||</subfield>
  </datafield>
  <datafield tag="200" ind1="1" ind2=" ">
    <subfield code="a">&#x41C;&#x415;&#x422;&#x41E;&#x414;&#x42B; &#x438; &#x440;&#x435;&#x437;&#x443;&#x43B;&#x44C;&#x442;&#x430;&#x442;&#x44B; &#x438;&#x441;&#x441;&#x43B;&#x435;&#x434;&#x43E;&#x432;&#x430;&#x43D;&#x438;&#x439; &#x43D;&#x430;&#x43F;&#x440;&#x44F;&#x436;&#x435;&#x43D;&#x43D;&#x43E;&#x433;&#x43E; &#x441;&#x43E;&#x441;&#x442;&#x43E;&#x44F;&#x43D;&#x438;&#x44F; &#x440;&#x435;&#x430;&#x43A;&#x442;&#x43E;&#x440;&#x43D;&#x43E;&#x439; &#x443;&#x441;&#x442;&#x430;&#x43D;&#x43E;&#x432;&#x43A;&#x438; &#x412;&#x412;&#x42D;&#x420;-1000 &#x43F;&#x440;&#x438; &#x44D;&#x43A;&#x441;&#x43F;&#x43B;&#x443;&#x430;&#x442;&#x430;&#x446;&#x438;&#x438;</subfield>
    <subfield code="f">&#x41D;.&#x410;. &#x41C;&#x430;&#x445;&#x443;&#x442;&#x43E;&#x432;, &#x41C;.&#x41B;. &#x414;&#x430;&#x439;&#x447;&#x438;&#x43A;, &#x421;.&#x412;. &#x41C;&#x430;&#x441;&#x43B;&#x43E;&#x432; &#x438; &#x434;&#x440;.</subfield>
    <subfield code="g">&#x41F;&#x43E;&#x434; &#x440;&#x435;&#x434;. &#x430;&#x43A;&#x430;&#x434;. &#x41A;.&#x412;. &#x424;&#x440;&#x43E;&#x43B;&#x43E;&#x432;&#x430;</subfield>
  </datafield>
  <datafield tag="210" ind1=" " ind2=" ">
    <subfield code="a">&#x41C;.</subfield>
    <subfield code="c">&#x41C;&#x426;&#x41D;&#x422;&#x418;</subfield>
    <subfield code="c">&#x418;&#x43D;-&#x442; &#x43C;&#x430;&#x448;&#x438;&#x43D;&#x43E;&#x432;&#x435;&#x434;&#x435;&#x43D;&#x438;&#x44F;</subfield>
    <subfield code="d">1992</subfield>
  </datafield>
  <datafield tag="215" ind1=" " ind2=" ">
    <subfield code="a">116 &#x441;.</subfield>
    <subfield code="c">&#x438;&#x43B;.</subfield>
    <subfield code="d">20</subfield>
  </datafield>
  <datafield tag="225" ind1="1" ind2=" ">
    <subfield code="a">&#x41D;&#x430;&#x443;&#x447;&#x43D;&#x43E;-&#x442;&#x435;&#x445;&#x43D;&#x438;&#x447;&#x435;&#x441;&#x43A;&#x438;&#x439; &#x43F;&#x440;&#x43E;&#x433;&#x440;&#x435;&#x441;&#x441; &#x432; &#x43C;&#x430;&#x448;&#x438;&#x43D;&#x43E;&#x441;&#x442;&#x440;&#x43E;&#x435;&#x43D;&#x438;&#x438;</subfield>
    <subfield code="f">&#x41C;&#x435;&#x436;&#x434;&#x443;&#x43D;&#x430;&#x440;. &#x446;&#x435;&#x43D;&#x442;&#x440; &#x43D;&#x430;&#x443;&#x447;. &#x438; &#x442;&#x435;&#x445;&#x43D;. &#x438;&#x43D;&#x444;&#x43E;&#x440;&#x43C;.</subfield>
    <subfield code="f">&#x418;&#x43D;-&#x442; &#x43C;&#x430;&#x448;&#x438;&#x43D;&#x43E;&#x432;&#x435;&#x434;&#x435;&#x43D;&#x438;&#x44F; &#x438;&#x43C;. &#x410;.&#x410;. &#x411;&#x43B;&#x430;&#x433;&#x43E;&#x43D;&#x440;&#x430;&#x432;&#x43E;&#x432;&#x430; &#x420;&#x410;&#x41D;</subfield>
    <subfield code="v">&#x412;&#x44B;&#x43F;. 36</subfield>
  </datafield>
  <datafield tag="320" ind1=" " ind2=" ">
    <subfield code="a">&#x411;&#x438;&#x431;&#x43B;&#x438;&#x43E;&#x433;&#x440;.: &#x441;. 111-114</subfield>
  </datafield>
  <datafield tag="701" ind1=" " ind2="1">
    <subfield code="7">ca</subfield>
    <subfield code="8">rus</subfield>
    <subfield code="a">&#x41C;&#x430;&#x445;&#x443;&#x442;&#x43E;&#x432;</subfield>
    <subfield code="b">&#x41D;. &#x410;.</subfield>
    <subfield code="f">1937-</subfield>
    <subfield code="g">&#x41D;&#x438;&#x43A;&#x43E;&#x43B;&#x430;&#x439; &#x410;&#x43D;&#x434;&#x440;&#x435;&#x435;&#x432;&#x438;&#x447;</subfield>
    <subfield code="9">234654</subfield>
    <subfield code="3">RU\NLR\AUTH\770234710</subfield>
  </datafield>
  <datafield tag="702" ind1=" " ind2="1">
    <subfield code="4">340</subfield>
    <subfield code="8">rus</subfield>
    <subfield code="7">ca</subfield>
    <subfield code="a">&#x424;&#x440;&#x43E;&#x43B;&#x43E;&#x432;</subfield>
    <subfield code="b">&#x41A;. &#x412;.</subfield>
    <subfield code="c">&#x434;-&#x440; &#x442;&#x435;&#x445;&#x43D;. &#x43D;&#x430;&#x443;&#x43A;</subfield>
    <subfield code="f">1932-2007</subfield>
    <subfield code="g">&#x41A;&#x43E;&#x43D;&#x441;&#x442;&#x430;&#x43D;&#x442;&#x438;&#x43D; &#x412;&#x430;&#x441;&#x438;&#x43B;&#x44C;&#x435;&#x432;&#x438;&#x447;</subfield>
    <subfield code="3">RU\NLR\AUTH\7729062</subfield>
    <subfield code="9">12091</subfield>
  </datafield>
  <datafield tag="801" ind1=" " ind2="0">
    <subfield code="a">RU</subfield>
    <subfield code="b">NLR</subfield>
    <subfield code="g">psbo</subfield>
  </datafield>
  <datafield tag="801" ind1=" " ind2="1">
    <subfield code="a">RU</subfield>
    <subfield code="b">ELAR</subfield>
    <subfield code="2">rusmarc</subfield>
  </datafield>
  <datafield tag="852" ind1=" " ind2=" ">
    <subfield code="a">NLR</subfield>
    <subfield code="j">&#x41F;10/6478</subfield>
  </datafield>
  <datafield tag="942" ind1=" " ind2=" ">
    <subfield code="c">BOOK</subfield>
  </datafield>
  <datafield tag="980" ind1=" " ind2=" ">
    <subfield code="a">NB</subfield>
  </datafield>
  <datafield tag="995" ind1=" " ind2=" ">
    <subfield code="5">2013-10-26</subfield>
    <subfield code="b">NLR01</subfield>
    <subfield code="c">NLR01</subfield>
    <subfield code="e">RJF</subfield>
    <subfield code="f">5424791-10</subfield>
    <subfield code="k">&#x41F;10/6478</subfield>
    <subfield code="o">0</subfield>
    <subfield code="r">BOOK</subfield>
    <subfield code="s">106478_</subfield>
  </datafield>
</record>
